000 00620nam a2200229Ia 4500
003 OSt
005 20221007074258.0
006 a|||||r|||| 00| 0
007 ta
008 221006b |||||||| |||| 00| 0 eng d
024 _a21,883
037 _cTextual
040 _aFLL
_cFLL
_beng
041 _2eng
_aeng
082 _aZ2,2675, P4
100 _aMohta V. A.
_9692876
245 0 _aTrade marks passing off & franchising
260 _aNagpur
_bAll India Reporter Pvt. Ltd. India
_c2004
300 _alxiv,1608p
_ccm.
942 _hZ2,2675, P4
_cTEXL
_2CC
999 _c1151768
_d1151768